| 000 | 00965nam a22002057a 4500 | ||
|---|---|---|---|
| 005 | 20240828123231.0 | ||
| 010 | _aB-760228 | ||
| 020 |
_c450.00 _a9789381467053 |
||
| 035 | _aB-760228 | ||
| 037 | _b उपहार | ||
| 082 | _a821 | ||
| 245 |
_aअजितकुमार रचना-संचयन / _bगंगाप्रसाद विमल द्वारा संपादित |
||
| 260 |
_aनई दिल्ली _bकिताबघर प्रकाशन _c2011 |
||
| 270 |
_bनई दिल्ली _a4855-56/24,अंसारी रोड, दरियागंज _e110002 |
||
| 300 | 1 |
_a316पृ. _c22सेमी (सजिल्द) |
|
| 650 |
_aहिन्दी कविता _970654 |
||
| 700 |
_939143 _aविमल,गंगाप्रसाद |
||
| 942 |
_2ddc _cHN _mअजित _h821 |
||
| 999 |
_c205344 _d205344 |
||